[Event "Thessaloniki U16 6th"]
[Site "Thessaloniki"]
[Date "2019.12.06"]
[Round "3.3"]
[White "Sioutopoulos, Christos"]
[Black "Katsigris, Antonios"]
[Result "1/2-1/2"]
[WhiteElo "1186"]
[BlackElo "1383"]
[PlyCount "66"]
[EventDate "2019.12.05"]
[EventType "swiss (rapid)"]
[EventRounds "8"]
[EventCountry "GRE"]
[SourceTitle "EXT 2024"]
[Source "ChessBase"]
[SourceDate "2023.10.10"]
[SourceVersion "1"]
[SourceVersionDate "2023.10.10"]
[SourceQuality "1"]

1. Nf3 d5 2. c4 d4 3. e3 dxe3 4. fxe3 Nf6 5. d4 e6 6. Bd3 c5 7. 0-0 Nc6 8. Bc2 b6 9. Nc3 cxd4 10. Ba4 Bd7 11. Bxc6 Bxc6 12. Nxd4 Bb7 13. Qa4+ Qd7 14. Qxd7+ Nxd7 15. b3 a6 16. Bb2 h5 17. Rad1 Rh6 18. Rf2 Rg6 19. Rdf1 f5 20. Nce2 Bd6 21. Nf4 Bxf4 22. exf4 0-0-0 23. Rc1 Nc5 24. Rd1 Be4 25. Rdd2 Nd3 26. Rxd3 Bxd3 27. Nc6 Be4 28. Ne7+ Kc7 29. Nxg6 Rd1+ 30. Rf1 Rd2 31. Be5+ Kb7 32. Rf2 Rd1+ 33. Rf1 Rd2 1/2-1/2

[Event "Thessaloniki White Tower op-C 41th"]
[Site "Thessaloniki"]
[Date "2019.01.07"]
[Round "6.13"]
[White "Zanis, Pandeleimon"]
[Black "Sioutopoulos, Christos"]
[Result "1-0"]
[WhiteElo "1059"]
[BlackElo "1235"]
[PlyCount "103"]
[EventDate "2019.01.02"]
[EventType "swiss"]
[EventRounds "6"]
[EventCountry "GRE"]
[SourceTitle "EXT 2024"]
[Source "ChessBase"]
[SourceDate "2023.10.10"]
[SourceVersion "1"]
[SourceVersionDate "2023.10.10"]
[SourceQuality "1"]

1. e4 e6 2. d4 d5 3. exd5 exd5 4. Nf3 Bd6 5. Bd3 Ne7 6. Bg5 0-0 7. 0-0 h6 8. Bh4 Bg4 9. Nbd2 Qd7 10. c3 Nf5 11. Bxf5 Qxf5 12. Bg3 Bf4 13. Bxf4 Qxf4 14. Qb3 Nd7 15. Qxd5 c6 16. Qe4 Qxe4 17. Nxe4 Bxf3 18. gxf3 b6 19. Rfe1 g6 20. Rad1 f5 21. Ng3 Nf6 22. Re6 Rac8 23. Kf1 Kf7 24. Rde1 a5 25. Re7+ Kg8 26. Rb7 Nd5 27. Re6 Rf6 28. Rxf6 Nxf6 29. Rxb6 Nd5 30. Ra6 Nf4 31. Ne2 Nd5 32. Rxa5 f4 33. c4 Nb6 34. Nxf4 g5 35. Nd3 Nxc4 36. Rc5 Nd6 37. d5 cxd5 38. Rxc8+ Nxc8 39. Ke2 Kf7 40. f4 Ke6 41. fxg5 hxg5 42. f4 g4 43. Kf2 Kf5 44. Ke3 Ne7 45. a4 Nc6 46. b4 d4+ 47. Kf2 Ke4 48. Nc5+ Kxf4 49. b5 Na5 50. b6 Kf5 51. b7 Nc6 52. Na6 1-0

[Event "Thessaloniki White Tower op-C 41th"]
[Site "Thessaloniki"]
[Date "2019.01.06"]
[Round "4.10"]
[White "Sioutopoulos, Christos"]
[Black "Kapia, Aggeliki"]
[Result "1-0"]
[WhiteElo "1235"]
[BlackElo "1039"]
[PlyCount "77"]
[EventDate "2019.01.02"]
[EventType "swiss"]
[EventRounds "6"]
[EventCountry "GRE"]
[SourceTitle "EXT 2024"]
[Source "ChessBase"]
[SourceDate "2023.10.10"]
[SourceVersion "1"]
[SourceVersionDate "2023.10.10"]
[SourceQuality "1"]

1. Nf3 Nc6 2. c4 Nf6 3. Nc3 e5 4. d3 Bb4 5. Bd2 0-0 6. g3 d6 7. Bg2 Bd7 8. 0-0 Re8 9. a3 Bxc3 10. Bxc3 Rb8 11. Nd2 Ne7 12. b4 Ng6 13. Re1 Qc8 14. Ne4 Nxe4 15. Bxe4 Bf5 16. Bf3 Bg4 17. Be4 Bf5 18. Bh1 Qd8 19. d4 Qe7 20. b5 Bc8 21. a4 Bf5 22. Qd2 h6 23. Bb4 Qf6 24. Bc3 Qe7 25. a5 Bc8 26. Qe3 a6 27. dxe5 Be6 28. exd6 cxd6 29. Red1 Bxc4 30. Qd4 Ne5 31. bxa6 Qf6 32. axb7 Bxe2 33. Re1 Nf3+ 34. Bxf3 Qxd4 35. Bxd4 Bxf3 36. Rxe8+ Rxe8 37. a6 Kh7 38. Ba7 Bxb7 39. axb7 1-0

[Event "EThessaloniki SSTH HALK-ch U16"]
[Site "Thessaloniki"]
[Date "2017.11.26"]
[Round "6.3"]
[White "Kefalas, Ioannis"]
[Black "Sioutopoulos, Christos"]
[Result "0-1"]
[WhiteElo "897"]
[BlackElo "1101"]
[PlyCount "112"]
[EventDate "2017.10.01"]
[EventType "swiss"]
[EventRounds "6"]
[EventCountry "GRE"]
[SourceTitle "EXT 2024"]
[Source "ChessBase"]
[SourceDate "2023.10.10"]
[SourceVersion "1"]
[SourceVersionDate "2023.10.10"]
[SourceQuality "1"]

1. e4 e5 2. Nf3 Nc6 3. Nc3 Nf6 4. Bc4 Bc5 5. 0-0 d6 6. d3 h6 7. h3 Be6 8. Bxe6 fxe6 9. Na4 Bb6 10. Nxb6 axb6 11. Be3 0-0 12. d4 exd4 13. Bxd4 e5 14. Be3 Kh8 15. Nh4 Kh7 16. Qd3 Nd7 17. Rad1 Qxh4 18. a3 Qe7 19. Bd2 Kh8 20. Bb4 Nc5 21. Bxc5 bxc5 22. Qd5 Qf7 23. Qd3 c4 24. Qd2 Nd4 25. Qb4 Nxc2 26. Qxb7 Rfb8 27. Qc6 Rf8 28. Rc1 Nd4 29. Qxc4 Qxc4 30. Rxc4 c6 31. Rd1 Rfb8 32. Rb1 Rxa3 33. b4 Ra4 34. f4 Ne2+ 35. Kf1 Nxf4 36. g3 Nxh3 37. Rxc6 Ng5 38. Rc4 Nf3 39. Ke2 Nd4+ 40. Ke3 Ra3+ 41. Kd2 Rxg3 42. Rc3 Rxc3 43. Kxc3 Rc8+ 44. Kd3 Nb5 45. Ra1 Rc3+ 46. Kd2 Rc4 47. Rb1 Rxe4 48. Kd3 Rd4+ 49. Ke3 Rf4 50. Kd3 g5 51. Rh1 Kg7 52. Ke3 Kg6 53. Rh3 Rxb4 54. Kf3 Rb3+ 55. Kg2 Rxh3 56. Kxh3 h5 0-1

[Event "EThessaloniki SSTH HALK-ch U16"]
[Site "Thessaloniki"]
[Date "2017.10.01"]
[Round "1.3"]
[White "Sioutopoulos, Christos"]
[Black "Magalakis, Stefanos"]
[Result "0-1"]
[WhiteElo "1101"]
[BlackElo "1332"]
[PlyCount "102"]
[EventDate "2017.10.01"]
[EventType "swiss"]
[EventRounds "6"]
[EventCountry "GRE"]
[SourceTitle "EXT 2024"]
[Source "ChessBase"]
[SourceDate "2023.10.10"]
[SourceVersion "1"]
[SourceVersionDate "2023.10.10"]
[SourceQuality "1"]

1. e4 c5 2. Nf3 g6 3. d4 cxd4 4. Nxd4 Bg7 5. Nc3 Nc6 6. Be3 Nf6 7. Bc4 a6 8. h3 0-0 9. Qd2 b5 10. Bb3 Bb7 11. 0-0 Nxd4 12. Qxd4 Nxe4 13. Qd3 Nxc3 14. bxc3 Rc8 15. Rad1 d6 16. c4 Qd7 17. cxb5 axb5 18. f3 Qc6 19. Rb1 e6 20. Rfd1 d5 21. Bd4 Bxd4+ 22. Qxd4 Qc5 23. Qxc5 Rxc5 24. Rd3 Bc6 25. Kf2 Bd7 26. Rbd1 Rfc8 27. Ke3 Kf8 28. Rd4 Kg7 29. f4 Kf6 30. g3 Rb8 31. Rb4 Rd8 32. Rbd4 Bc6 33. Re1 Rb8 34. Kd2 b4 35. Re3 Bd7 36. Ke2 Ra5 37. c3 bxc3 38. Rxc3 Rba8 39. Re3 Ba4 40. Kf3 Bxb3 41. axb3 Rb5 42. h4 Ra3 43. Rdd3 Rb4 44. g4 d4 45. g5+ Ke7 46. Re4 Rbxb3 47. Rxb3 Rxb3+ 48. Ke2 Rh3 49. Rxd4 Rxh4 50. Kf3 h6 51. Kg3 hxg5 0-1